Welcome to the Holygrace Academy Library

Please use search bar below to get started

STRANGE VISITOR (Record no. 3260)

MARC details
000 -LEADER
fixed length control field 00380nam a22001577a 4500
020 ## - INTERNATIONAL STANDARD BOOK NUMBER
ISBN 978-0-141-32170-7
082 ## - DEWEY DECIMAL CLASSIFICATION NUMBER
Classification number 823
Item number SIM/S
100 ## - MAIN ENTRY--AUTHOR NAME
Personal name SIMONSON LOUISE
245 ## - TITLE STATEMENT
Title STRANGE VISITOR
Remainder of title SUPERMAN RETURNS
246 ## - VARYING FORM OF TITLE
Title proper/short title STRANGE VISITOR
Remainder of title SUPERMAN RETURNS
260 ## - PUBLICATION, DISTRIBUTION, ETC. (IMPRINT)
Place of publication UK
Name of publisher PENGUIN GROUP
Year of publication USA
300 ## - PHYSICAL DESCRIPTION
Number of Pages 142
520 ## - SUMMARY, ETC.
Summary, etc SHORT STORY
650 ## - SUBJECT ADDED ENTRY--TOPICAL TERM
Topical Term SHORT STORY
942 ## - ADDED ENTRY ELEMENTS (KOHA)
Koha item type Books
Holdings
Withdrawn status Lost status Collection code Home library Current library Shelving location Date acquired Source of acquisition Full call number Accession Number Koha item type
    Fiction Main Library Main Library SHELF 4-G FAIRY TALES,COMICS 03/03/2047 Purchase 823 SIM/S 12137 Books